000 02648nam a22002297a 4500
003 OSt
005 20260311163608.0
008 260311b2024 |||a|||| |||| 00| 0 spa d
020 _a9786124902840
040 _bSPA
_cUMCH
_dJCZ
_eRDA
082 _a340.4 D637
245 _a Derecho y literatura en América Latina:
_bHomenaje a Iván Rodríguez Chávez /
_cFélix Romero Revilla, Gladys Flores Heredia, editores.
260 _aLima:
_bUniversidad Ricardo Palma. Ediciones del Rectorado,
_c2024.
300 _bil., láminas;
_c25 cm.
505 _aRemembranza de Iván Rodríguez Chávez / Félix Romero Revilla -- Iván Rodríguez Chávez y los estudios del derecho y la literatura: la iuspoética: estudio del derecho en la literatura / Iván Rodríguez Chávez -- El derecho y la literatura para Iván Rodríguez Chávez a propósito de el derecho en "El mundo es ancho y ajeno (1982) / Francisco Távara Córdova -- Vericuetos jurídicos en escalas de César Vallejo: hacia el derecho humanista de Iván Rodríguez Chávez /José Antonio Mazzotti -- La hermenéutica literario-jurídica de Iván Rodríguez Chávez: tres consideraciones / Javier Morales Mena -- La perspectiva de justicia en la crítica de Iván Rodríguez Chávez y su injerencia en el derecho y la literatura / Gustavo Reynaldo Domínguez Chincha -- Apuntes sobre el movimiento peruano de derecho y literatura considerando la aportación de Iván Rodríguez Chávez / Manuel de J. Jiménez Moreno -- Iván Rodríguez Chávez : poética, historia y pedagogía: El pacto entre la vida y la muerte en la poesía de Iván Rodríguez Chávez y Ricardo Silva-Santisteban / Thomas Ward -- El amor en los poemarios Amortropía, Vidamar y Cardiomiel de Iván Rodríguez Chávez / Rosario Valdivia Paz-Soldán -- Patriotismo, peruanidad e identidad en Por la generación del relevo de Iván Rodríguez Chávez / Wilfredo Kapsoli Escudero -- Humanista y educador. Aportes de Iván Rodríguez Chávez a la literatura y la educación / José Félix Palomino Manchego -- Iván Rodríguez Chávez, lector de César Vallejo: Iván Rodríguez Chávez: dos aproximaciones a César Vallejo desde la educación y el derecho / Gladys Flores Heredia -- Lectura de Vallejo al pie del orbe (2006), de Iván Rodríguez Chávez / Camilo Fernández Gozman -- Iván Rodríguez Chávez y su lectura de la justicia vallejiana / Manuel de J. Jiménez Moreno.
600 _aRodríguez Chávez, Iván
_d1941-2023
650 _aDerecho y literatura
700 _aRomero Revilla, Félix
_eeditor
700 _aFlores Heredia, Gladys
_eeditor
710 _aUniversidad Ricardo Palma (Lima)
942 _2ddc
_cLIB
_n0
999 _c53695
_d53695